| 000 | 00438nam a2200169Ia 4500 | ||
|---|---|---|---|
| 003 | LK-CoDNM | ||
| 008 | 010623t1925 xxu||||| |||| 00| 1 Pali d | ||
| 040 |
_aLK-CoDNM _dLK-CoDNM _eLK-CoDNM |
||
| 041 |
_aPali _asin |
||
| 080 | _a104 C 10 | ||
| 100 |
_aSomarathana Thero _eed. |
||
| 245 | _aනිබ්බාන දීපනී | ||
| 246 | _aNibbhaana Dipani | ||
| 260 |
_bMahajana _aColombo _c1925 |
||
| 300 | _b22p, 21 cm | ||
| 942 | _cBK | ||
| 999 |
_c92957 _d92957 |
||